| 000 | 02407nam a2200301 4500 | ||
|---|---|---|---|
| 001 | 370 | ||
| 003 | OSt | ||
| 005 | 20250528074019.0 | ||
| 008 | 250403b |||||||e |||| 00| 1 eng d | ||
| 040 | _bpor | ||
| 041 |
_heng _apor |
||
| 082 |
_a823 _bF735c |
||
| 100 | 1 |
_aForsyth, Frederick, _d1938- _9458 |
|
| 240 | _aThe dogs of war | ||
| 245 |
_aCães de Guerra / _cForsyth, Frederick ; Traduçãoi de A. B. Pinheiro de Lemos |
||
| 260 |
_aSão Paulo _bCírculo do Livro _c1974 |
||
| 300 | _a392 p. | ||
| 520 | _aO mundo dos mercenários, que tanto fascinou Frederick Forsyth desde que teve de acompanhar, como repórter, a tragédia do Biafra, constitui o pano de fundo deste romance, um dos mais célebres da sua obra de ficcionista. Aqui se retrata, de forma impiedosa, o universo sinistro que solidariza numa teia de interesses pouco claros as grandes figuras da alta finança, da banca internacional e do clube restrito e secreto do comércio das armas. As maquinações de um Sir James Manson, dirigente de uma poderosa organização mineira, têm com efeito como objetivo derrubar o governo de uma longínqua república africana e eliminar o ditador que a ele preside. Os motivos de Manson, porém, nada têm de altruístas, e pouco a pouco despertam mesmo a atenção das grandes potências. Enquanto Shannon, o líder mercenário arregimentado por Manson, se ocupa de reunir os seus homens, alguns jornais descobrem e denunciam os propósitos do que está em curso. Forsyth arrasta então o leitor por uma ronda alucinante através de algumas das grandes cidades europeias: de Paris a Ostende, na esteira dos locais onde se recrutam os mercenários; de Berna a Bruges, onde estão sediadas as grandes agências internacionais; e finalmente da Alemanha à Itália, ou da Espanha à Iugoslávia, onde se adquirem as armas e se organizam os grandes transportes de tropas e de material. Cada página de Os Cães da Guerra é uma autêntica aventura, que se lê com uma emoção e uma ansiedade sempre crescentes. Mas o seu desfecho irônico oferece a este romance uma dimensão totalmente inesperada. | ||
| 650 | 0 |
_aLiteratura Inglesa _989 |
|
| 650 | 0 |
_aConspiração _9768 |
|
| 650 | 0 |
_aRomance Policial _911 |
|
| 650 | 0 |
_aGuerra _930 |
|
| 650 | 0 |
_aSuspense _910 |
|
| 655 | 0 |
_aRomance _923 |
|
| 655 | 0 |
_aFicção _922 |
|
| 700 |
_aA. B. Pinheiro de Lemos _eTradutor _9109 |
||
| 942 |
_2ddc _n0 _cBK |
||
| 999 |
_c370 _d370 |
||